Największe miasta w województwie kujawsko-pomorskim - Statystyki

Ogólne statystyki
  • Ten quiz został rozwiązany 739 razy
  • Średni wynik to 12 z 20
Statystyki odpowiedzi
Lp Populacja Odpowiedź % Poprawnych
1 349,021 Bydgoszcz
99%
2 201,798 Toruń
99%
3 110,287 Włocławek
92%
4 94,732 Grudziądz
90%
5 72,786 Inowrocław
87%
6 28,788 Brodnica
64%
7 25,723 Świecie
62%
9 18,281 Nakło nad Notecią
57%
8 19,605 Chełmno
55%
10 16,227 Rypin
55%
14 13,864 Żnin
55%
18 12,147 Aleksandrów Kujawski
52%
15 13,621 Tuchola
50%
13 14,399 Lipno
48%
17 12,563 Golub-Dobrzyń
46%
19 11,836 Mogilno
44%
11 15,652 Solec Kujawski
44%
12 14,503 Chełmża
39%
16 13,570 Wąbrzeźno
34%
20 11,162 Koronowo
28%
Nie znaleziono quizów pasujących do podanych kryteriów
Rozkład punktacji
Procent ludzi z każdym wynikiem
Percentyl według liczby udzielonych odpowiedzi
Twoja historia wyników
Nie rozwiązałeś tego quizu